00458nam a2200181Ia 4500008004100000020001400041050001400055100002000069245003500089245005300124260001500177260001600192260000900208300001400217300002700231300001000258500000800268170918s9999 xx 000 0 und d a590402331 bN971 1985 aNumeroff, Laura aIf you give a mouse a cookie / cLaura J. Numeroff ; illustrated by Felicia Bond. aNew York : bScholastic, c1985 aunpaged : bcolored illustration ; c21cm. a660